| 000 | 00812nam a22002055i 4500 | ||
|---|---|---|---|
| 001 | 162420 | ||
| 003 | ES-MaACL | ||
| 005 | 20230906212524.0 | ||
| 008 | 001213s1872 sp |||| | spa d | ||
| 040 |
_aEXT _bspa _cEXT |
||
| 100 | 0 |
_aPonson du Terrail, Pierre Alexis de. _993038 |
|
| 245 | 1 | 0 |
_aSin-Suerte _b: historia de un niño perdido / _cpor Ponson du Terrail ; traducida por O. F. M. |
| 260 |
_aMadrid : _b[s.n.], _c1872 ( _fImprenta de La Correspondencia de España) |
||
| 300 |
_a188 p. ; _c22 cm. |
||
| 490 | 1 | _aBiblioteca de "La Correspondencia de España" | |
| 500 | _aTexto a dos columnas. | ||
| 830 | 0 |
_aBiblioteca de "La Correspondencia de España" _9182488 |
|
| 852 |
_aES-MaACL _jT-673-F-2 _z-- Enc. hol. _q-- Falto de la cub. original _z-- Enc. en un vol. facticio |
||
| 999 |
_c162420 _d162420 |
||